| 000 | 00553nam a2200193 a 4500 | ||
|---|---|---|---|
| 005 | 20210219153200.0 | ||
| 008 | 991125n 000 0 spa u | ||
| 035 | _aUPN01000082633 | ||
| 100 | 1 | _aDomínguez Martínez, Juan I | |
| 222 |
_aUNO : _bREVISTA DE DIDACTICA DE LAS MATEMATICAS |
||
| 245 | _aInformación y análisis exploratorio de datos | ||
| 300 | _a41-56 | ||
| 362 | 0 | _a1999 (20) | |
| 653 | 0 | _aANALISIS DE DATOS | |
| 653 | 0 | _aESTADISTICA DESCRIPTIVA | |
| 653 | 0 | _aRESOLUCION DE PROBLEMAS | |
| 904 |
_aAC _b020444 |
||
| 905 | _aArticulo | ||
| 999 |
_c70423 _d70423 |
||